000 00269nam a22001217a 4500
008 180301b xxu||||| |||| 00| 0 eng d
041 _aeng
080 _a004
100 _a35
101 _aSHK
245 _aLINEAR PROGRAMING METHODS
_cEARL.O.H
942 _2udc
_cBK
999 _c43876
_d43876